000 01719nam a2200265Ia 4500
008 260220t1970||||xx |||||||||||||| ||spa||
040 _aPY-SlUNAC
_bspa
_erda
041 _aspa
082 _a651.7
_bM929c
100 _aMuñoz, J.
_eAutor
245 0 _aCorrespondencia general /
_cpor J. Muñoz [Autor] y R. Bori [Autor]
250 _aDecimoséptima edición
264 _aBarcelona :
_bCots,
_c℗1970.
300 _a1 volumen
520 _aEl libro "Correspondencia general" de J. Muñoz es una obra que compila una serie de cartas y documentos que revelan la vida y el pensamiento del autor en el contexto de la Barcelona de 1970. A través de su correspondencia, Muñoz aborda temas como la identidad, la política, y la cultura, ofreciendo una mirada íntima a sus reflexiones y preocupaciones. Las cartas, dirigidas a amigos, intelectuales y figuras destacadas de la época, permiten al lector adentrarse en la complejidad de las relaciones humanas y la búsqueda de significado en un mundo en constante cambio. La obra no solo destaca por su valor biográfico, sino también por su estilo literario, que combina la escritura epistolar con elementos poéticos. A medida que se desarrollan las correspondencias, se pueden observar las tensiones sociales y políticas que marcaron la época, lo que convierte a este libro en una importante contribución a la literatura y a la comprensión de la historia contemporánea.
653 _aComunicación
653 _aCorrespondencia
653 _aHistoria
700 _aBori, R.
_eAutor
942 _b2026/02/17
_cBK
999 _c8758
_d8758